مكتبة جامعة عجلون الوطنية

فهرس بحث المكتبة

Accounting principles / (Record no. 33235)

MARC details
000 -LEADER
fixed length control field 01415cam a2200337 a 4500
001 - CONTROL NUMBER
control field 12458906
003 - CONTROL NUMBER IDENTIFIER
control field JO-AjAnu
005 - DATE AND TIME OF LATEST TRANSACTION
control field 20231203092313.0
008 - FIXED-LENGTH DATA ELEMENTS--GENERAL INFORMATION
fixed length control field 010702s2002 nyua 001 0 eng
010 ## - LIBRARY OF CONGRESS CONTROL NUMBER
LC control number 2001271682
020 ## - INTERNATIONAL STANDARD BOOK NUMBER
International Standard Book Number 0471382280
040 ## - CATALOGING SOURCE
Original cataloging agency DLC
Transcribing agency DLC
Modifying agency DLC
-- JO-AjAnu
050 00 - LIBRARY OF CONGRESS CALL NUMBER
Classification number HF5635
Item number .W524 2002
082 00 - DEWEY DECIMAL CLASSIFICATION NUMBER
Classification number 657
Edition number 21
100 1# - MAIN ENTRY--PERSONAL NAME
Personal name Weygandt, Jerry J.
Relator term author
245 10 - TITLE STATEMENT
Title Accounting principles /
Statement of responsibility, etc. Jerry J. Weygandt, Donald E. Kieso, Paul D. Kimmel.
250 ## - EDITION STATEMENT
Edition statement 6th ed.
260 ## - PUBLICATION, DISTRIBUTION, ETC.
Place of publication, distribution, etc. New York :
Name of publisher, distributor, etc. John Wiley & Sons,
Date of publication, distribution, etc. c2002
300 ## - PHYSICAL DESCRIPTION
Extent xxx, 1138, [63] p. :
Other physical details col. ill. ;
Dimensions 29 +
Accompanying material 1 computer optical disc (4 3/4 in.)
500 ## - GENERAL NOTE
General note Includes indexes.
530 ## - ADDITIONAL PHYSICAL FORM AVAILABLE NOTE
Additional physical form available note Supplement available electronically via the World Wide Web at http://www.wiley.com/college/weygandt
650 #0 - SUBJECT ADDED ENTRY--TOPICAL TERM
Topical term or geographic name entry element Accounting.
700 1# - ADDED ENTRY--PERSONAL NAME
Personal name Kieso, Donald E.
Relator term joint author
700 1# - ADDED ENTRY--PERSONAL NAME
Personal name Kimmel, Paul D.
Relator term joint author
856 42 - ELECTRONIC LOCATION AND ACCESS
Materials specified Publisher description
Uniform Resource Identifier <a href="http://www.loc.gov/catdir/description/wiley036/2001271682.html">http://www.loc.gov/catdir/description/wiley036/2001271682.html</a>
856 4# - ELECTRONIC LOCATION AND ACCESS
Materials specified Table of Contents only
Uniform Resource Identifier <a href="http://www.loc.gov/catdir/toc/onix07/2001271682.html">http://www.loc.gov/catdir/toc/onix07/2001271682.html</a>
856 42 - ELECTRONIC LOCATION AND ACCESS
Materials specified Contributor biographical information
Uniform Resource Identifier <a href="http://www.loc.gov/catdir/enhancements/fy0611/2001271682-b.html">http://www.loc.gov/catdir/enhancements/fy0611/2001271682-b.html</a>
906 ## - LOCAL DATA ELEMENT F, LDF (RLIN)
a 7
b cbc
c origcop
d 3
e ncip
f 20
g y-gencatlg
942 ## - ADDED ENTRY ELEMENTS (KOHA)
Source of classification or shelving scheme Library of Congress Classification
Koha item type Books
Suppress in OPAC No
Holdings
Withdrawn status Lost status Source of classification or shelving scheme Damaged status Not for loan Home library Current library Date acquired Total Checkouts Full call number Barcode Date last seen Price effective from Koha item type
    Library of Congress Classification     مكتبة جامعة عجلون الوطنية مكتبة جامعة عجلون الوطنية 03/12/2023   HF5635.W49 2002 E3587 03/12/2023 03/12/2023 Books